000 01407ngm a2200217 a 4500
005 20250207063756.0
008 040603s2003 mx 120 d daspa d
035 _aUPN01000133600
049 _aAV
050 4 _aPVI LB 1251
111 2 _aSeminario Introducción a la Investigación de Personas Jóvenes y Adultas EPJA
_929995
245 1 0 _aPrincipales enfoques metodológicos utilizados en la investigacion educativa en México :
_b1a. sesión /
_ccoord. Carmen Campero.
260 _aMéxico :
_bUPN,
_c2003.
300 _a1 videocasete (VHS) (ca. 120 min.) :
_bson., col.
520 _aEste video dividido en tres partes : sesión de presentación, entrevistas a los especialistas e intercambio y exposición de ideas en salón de clases. Tiene como objetivo mostrar groso modo los iniciadores en la investigación social, las diferentes teorias en la investigación social y las metodologías empleadas en ésta. La sesión de entrevistas tiene como temas : Los paradigmas de la investigación social; la importancia de la investigación en la educación de personas jóvenes y adultas; el papel de la teoría en la investigación y la investigación básica
650 4 _aEducación
_xInvestigación
_94070
650 4 _aEDUCACION DE ADULTOS -
_xINVESTIGACION
_916091
650 4 _aCiencias sociales
_xInvestigación
_97497
700 1 _aCampero Cuenca, Carmen
_ecoord.
_928633
905 _aAudiovisual
999 _c105751
_d105751